[Event "EU-chT (Men) 15th"]
[Site "Gothenburg"]
[Date "2005.08.02"]
[Round "4.1"]
[White "Van Wely, Loek"]
[Black "Akopian, Vladimir Eduardovic"]
[Result "1-0"]
[WhiteElo "2655"]
[BlackElo "2705"]
[Annotator "Golod,V"]
[PlyCount "87"]
[EventDate "2005.07.30"]
[EventType "team-swiss"]
[EventRounds "9"]
[EventCountry "SWE"]
[SourceTitle "CBM 109"]
[Source "ChessBase"]
[SourceDate "2005.11.14"]
[SourceVersion "1"]
[SourceVersionDate "2005.11.14"]
[SourceQuality "1"]
[WhiteTeam "Netherlands"]
[BlackTeam "Armenia"]
[WhiteTeamCountry "NED"]
[BlackTeamCountry "ARM"]

1. d4 Nf6 2. c4 e6 3. Nc3 Bb4 4. Qc2 c5 5. dxc5 Qc7 6. Nf3 Bxc5 7. g3 Qb6 8. e3
Be7 9. Bg2 a6 10. b3 ({Previously} 10. e4 $5 {was checked:} d6 11. Bf4 Nbd7 12.
O-O Qc7 13. Rac1 Nh5 14. Bg5 Bxg5 15. Nxg5 h6 16. Nf3 O-O 17. Rfd1 Nhf6 18. Qd2
$14 {1/2-1/2 Wang Rui-Anastasian,A/Dubai,2005(18)}) (10. O-O $5 {was also
tried immediately. For further information about the opening part you can see
my annotations to the game: Lafuente,P-Bruzon Bautista,L/Buenos Aires,2003/CBM
97(1-0)(49)}) 10... Qc7 11. Nd4 {The idea of this move - to prevent Black from
playing b6 and Bb7.} O-O 12. O-O d6 13. Bb2 $14 {White's advantage is clear.
He has completed the development of his pieces and has a lot of space.} Ra7 $6
$146 {A very unsuccessful novelty. Black has more "natural" ways to finish his
development and not use so artificial moves and spend so much time on it.} (
13... Nbd7 $5 14. Rfd1 Rb8 15. Rac1 Re8 16. Qe2 Ne5 17. h3 Bf8 18. Qd2 h6 19.
Qc2 Bd7 20. Qd2 Rbd8 21. e4 $14 {Shipov,S-Novik,M/FIDE.com,2002(1/2-1/2)(65)})
({or} 13... Bd7 $5 {/\Nc6}) 14. Qe2 {[%cal Gf2f4,Gg3g4,Gg4g5] Loek Van Wely
transfered his queen to e2 in order to support the advancement of the pawns on
the kingside.} b6 15. f4 Bb7 16. g4 Bxg2 $6 {Another doubtful decision.} ({
Much better for Black was} 16... Nc6 $5 {to finish the development, although
in this case White continues to keep a serious advantage as well.}) 17. Qxg2 {
+/=/+/-} Qb7 {Vladimir Akopian wanted to exchange the queens hoping to
simplify his defence. A setious disadvantage of this exchange - Black needs to
spend additional moves for it while his queenside remains undeveloped.} 18. g5
Qxg2+ 19. Kxg2 Nfd7 20. h4 {White's idea is to play 21.f5 (><e6,d5).} Re8 {
[%csl Ye8][%cal Ge7f8,Ye8e6]} (20... g6 $6 {[%csl Rf6,Rg7][%cal Gb2h8]}) 21.
Rfd1 Rc7 22. Rd2 {Without hesitation, White reinforces his position.} Nc6 {
Finally Black completed his development.} 23. Nde2 ({Maybe Loek Van Wely
thought that after:} 23. Nxc6 Rxc6 {the advantage is not enough and therefore
preferred to go back with the knight.}) 23... f5 {[%csl Re4][%cal Yf5e4] By
this move Vladimir Akopian prevented White from playing Ne4.} (23... Nc5 $5 {
with the same idea and without creating new weakness deserves attention.}) 24.
e4 $16 {Both sides fought for squares. Now White wanted to take on f5 and puts
his knight on d5.} (24. Ba3 $143 Nc5 25. Rad1 $14) 24... Rf8 $2 ({The rook
move seems dangerous for Black.} 24... g6 $142 25. h5 Nc5 26. hxg6 hxg6 27.
exf5 gxf5 28. Rh1 $40 {[%csl Rg8] Maybe this was better than the text move,
because White saves the square e4 for his knight and Black's pawns in the
centre will fall.}) 25. exf5 Rxf5 26. Ne4 {Black was unable to protect the
pawn on d6 and loses it.} e5 ({After:} 26... d5 27. N4g3 Rf7 28. cxd5 exd5 29.
Rxd5 Nb4 30. Rd2 $18 {White also remains with extra pawn.}) 27. Nxd6 Bxd6 28.
Rxd6 exf4 29. Rf1 Ne7 ({Hopeless:} 29... f3+ 30. Rxf3 Rxf3 31. Kxf3 b5 32. Nf4
$18 {[%csl Rc7,Rg7][%cal Gf4e6,Ge6c7,Ge6g7]}) ({or} 29... Nc5 30. Rxf4 Rxf4 31.
Nxf4 $18) 30. Nxf4 $18 Rb7 (30... b5 $2 31. Ne6 $18 {[%csl Rc7,Rg7][%cal Ge6g7,
Ge6c7,Gb2g7]}) 31. Nd5 Nxd5 32. cxd5 (32. Rxf5 $4 Ne3+ 33. Kf2 Nxf5 $19) 32...
Rxf1 33. Kxf1 a5 34. h5 {In addition to his material advantage the white
pieces are fully dominating the board. The rest of the game is only a matter
of technique.} b5 35. Ke2 Kf8 36. Bd4 b4 37. Kd3 {[%csl Ra5][%cal Gd6a6,Yd3c4,
Yd3e4]} Ke7 38. Ra6 Kf7 39. Kc4 Rc7+ 40. Rc6 Rb7 41. g6+ hxg6 42. hxg6+ Ke8 43.
d6 Kd8 44. Ra6 1-0

[Event "USA-ch"]
[Site "San Diego"]
[Date "2004.12.04"]
[Round "9"]
[White "Onischuk, Alexander"]
[Black "Gurevich, Dmitry"]
[Result "1-0"]
[WhiteElo "2653"]
[BlackElo "2499"]
[Annotator "Golod,V"]
[PlyCount "51"]
[EventDate "2004.11.24"]
[EventType "swiss"]
[EventRounds "9"]
[EventCountry "USA"]
[SourceTitle "CBM 105"]
[Source "ChessBase"]
[SourceDate "2005.04.11"]
[SourceVersion "1"]
[SourceVersionDate "2005.04.11"]
[SourceQuality "1"]

1. d4 Nf6 2. c4 e6 3. Nc3 Bb4 4. Qc2 c5 5. dxc5 Bxc5 6. Nf3 Qb6 7. e3 Qc7 8. b3
a6 {Same position with rearrangement of moves also it is possible to receive,
after 7...a6 8.b3 Qc7.} 9. Bb2 (9. g4 $5 {You can see my annotations to game:
Bareev,E-Sakaev,K/Moscow,2001/CBM 86(1-0)(26)}) 9... b6 10. Be2 Bb7 11. O-O $5
{Besides White has several options:} (11. g4 $5 {Typical move in this pawn
structure.For further details you can see my comments to game: Carlsen,
M-Shaposhnikov,E/Moscow,2004/CBM 100(1-0)(30)}) (11. h3 $6) ({and} 11. Rd1)
11... Be7 ({Is senseless the following move:} 11... Ng4 12. Rfe1 $1 Bxf3 $140
$4 (12... O-O 13. Rad1 $14 {/\h3}) 13. Bxf3 Qxh2+ 14. Kf1 $18 {צa8,Ng4}) 12.
Rad1 ({On:} 12. Rac1 {you can find ten games}) ({and after:} 12. Rfd1 {you can
find nine games in Mega DataBase 2005.}) 12... b5 $6 $146 {Unessential move.
Now the contender has an object for attack on queen side (קb).} ({Also
dubiously:} 12... O-O $6 {in view of:} 13. Ng5 $1 $40 {[%csl Gb2,Yf6,Rh7][%cal
Gc3d5] For further details you can see my comments to Kiriakov,P-Tiviakov,S/
Port Erin,1999/CBM 74(1-0)(34)}) ({On:} 12... d6 $5 {I have found five games
in Mega DataBase 2005. For an example we shall consider most interesting of
them:} 13. Ng5 Nbd7 14. f4 h6 15. Nge4 O-O 16. f5 d5 17. fxe6 fxe6 18. Ng3 Bd6
$132 {Rowson,J-Moldobaev,E/Mallorca,2004(1-0)(33)}) 13. cxb5 axb5 14. Qd2 $1 {
Differently,Black quietly will finish development and will receive convenient
game:} (14. Bxb5 $6 Bxf3 (14... Ng4 $2 15. e4 Rxa2 16. Rd2 Ra5 17. Rc1 $36) 15.
gxf3 Rxa2 $13 {[%csl Rc2]}) 14... b4 {The a little bit sample decision. It
deserves serious attention:} (14... Qb6 $5 15. Bxb5 $140 Bxf3 16. gxf3 O-O $44
{/\d5}) 15. Nb5 Qb6 ({After:} 15... Qa5 $2 16. Bxf6 (16. Nd6+ $6 Bxd6 17. Qxd6
Ne4 18. Qd4 f6 $13) 16... gxf6 $8 17. Nd6+ Bxd6 18. Qxd6 $16 {with
rearrangement of moves we receive a position from a game (after 19.Qxd6)}) ({
Can be recommended:} 15... Qd8 $5 16. Nd6+ (16. Bxf6 $5 gxf6 17. Nd6+ Bxd6 18.
Qxd6 Rxa2 19. Qxb4 Bd5 $14) (16. Be5 $6 O-O 17. Nd6 Bd5 $13) 16... Bxd6 17.
Qxd6 Rxa2 (17... Nc6 $143 18. Bxf6 gxf6 19. Rd2 {+/=/+/-}) 18. Bxf6 (18. Qxb4
Bd5 $14) 18... gxf6 19. Qxb4 Bd5 $14) 16. Bd4 $1 Qa5 $2 {After this inaccurate
move Black will have to fight for escape.} (16... Bc5 $4 {is refuted by:} 17.
Bxc5 Qxc5 18. Nd6+ Ke7 19. Nxb7 $18) ({Again it was necessary:} 16... Qd8 $5
17. Bxf6 gxf6 18. Nd6+ Bxd6 19. Qxd6 Rxa2 20. Qxb4 Bd5 $14) 17. Bxf6 $1 {
White have calculated precisely all consequences of this move.} gxf6 $140 $8
18. Nd6+ Bxd6 19. Qxd6 $16 {[%csl Re8] The black's king has got stuck at the
centre. Besides of weakness in the pawns structure of the contender (קb4,Pf6)
provide a big positional advantage of White.} Rg8 $2 {Black obviously have
lost a "string of game".} (19... Ba6 $2 20. Bxa6 Qxa6 21. Qxb4 Nc6 $140 (21...
Qxa2 $2 22. Qc3 $18 {[%csl Ra2,Ra8,Rf6][%cal Gd1a1]}) 22. Qd6 {+/-/+-}) (19...
Qxa2 20. Qxb4 $16) (19... Bd5 20. Rd2 Nc6 21. Rc1 $16) 20. Rd4 $1 {קb4} Ba6 {
Dmitry Gurevich had a rather uneasy choice between it and other continuations:}
(20... Qxa2 21. Rxb4 Qa7 (21... Qxe2 $4 22. Rxb7 Qxf3 23. Rxb8+ Rxb8 24. Qxb8+
Ke7 25. Qxg8) (21... Qa3 $2 22. Rd1 Bc8 23. Nd4 $18) 22. Ra4 Na6 23. Rfa1 Qb8
24. Rxa6 $1 (24. Qxb8+ $143 Rxb8 25. Rxa6 Bxa6 26. Rxa6 $16) 24... Bxa6 (24...
Qxd6 $143 25. Rxa8+ $1 Bxa8 26. Rxa8+ Ke7 27. Rxg8 $18) 25. Rxa6 $18) (20...
Bd5 $142 21. e4 $1 Nc6 $140 22. exd5 Nxd4 23. Nxd4 Qxd5 24. Qxd5 exd5 25. Nc2
Rxa2 26. Re1 {+/-/+-}) 21. Rc1 {[%csl Re8][%cal Gc1c8] White develop a
decisive attack,all their pieces are ready for this purpose!} Qxa2 22. Bb5 $1
$18 {I believe, that Alexander Onischuk saw this resource, when he played 20.
Rd4! Now Black cannot find protection against numerous threats: 23.Bxd7+ or 23.
Rdc4 with the idea 24.Rc8+ Bxc8 25.Rxc8#} Qa5 ({Also leads to immediate
disaster:} 22... Qxb3 23. Bxa6 Nxa6 24. Qxd7+ Kf8 25. Nd2 $1 Qb2 $140 26. Rc8+
{[%csl Yd2,Rg8][%cal Gd4g4,Yd2f1]}) (22... Bxb5 $2 23. Rc8#) 23. Bxd7+ Nxd7 24.
Qxd7+ Kf8 25. Rc7 Qh5 $8 (25... Rg7 $2 26. Qe7+ Kg8 27. Rd8+ Rxd8 28. Qxd8#)
26. Qe7+ {It was the last move in this game.} ({After:} 26. Qe7+ {Black
resigned,as his king soon will get checkmated:} Kg7 27. Rg4+ $1 Kh6 (27... Qxg4
$143 28. Qxf7+ Kh6 (28... Kh8 29. Qxh7#) 29. Qxh7#) (27... Kh8 $143 28. Qxf6+
Rg7 29. Qxg7#) 28. Qxf6+ $1 Rg6 $140 (28... Qg6 29. Rh4#) 29. Qxf7 {with
checkmated in 3 moves.}) 1-0

[Event "Scandic Hotels CC"]
[Site "Stockholm"]
[Date "1999.08.03"]
[Round "4"]
[White "Sjoberg, Mats"]
[Black "Brynell, Stellan"]
[Result "1/2-1/2"]
[WhiteElo "2348"]
[BlackElo "2488"]
[Annotator "Golod,V"]
[PlyCount "91"]
[EventDate "1999.07.31"]
[EventType "tourn"]
[EventRounds "9"]
[EventCountry "SWE"]
[EventCategory "9"]
[SourceTitle "CBM 073"]
[Source "ChessBase"]
[SourceDate "1999.12.01"]
[SourceVersion "1"]
[SourceVersionDate "1999.12.01"]
[SourceQuality "1"]

1. d4 e6 2. c4 Nf6 3. Nc3 Bb4 4. Qc2 c5 5. dxc5 Na6 6. a3 $5 ({Worse is:} 6.
Nf3 {-see comments to Bykov,A-Nikolenko,O/ Moscow,1999/CBM 70(0-1)(Golod,V)(30)
}) 6... Bxc3+ 7. Qxc3 Nxc5 8. b4 $5 ({Another line is:} 8. f3 $5 {-see
comments to Hillarp Persson,T-Brynell, S/Goteborg,1999/CBM 69(1-0)(Golod,V) 
(46)}) 8... Nce4 $5 {Is the main line,another alternative is: 8...Na4!?} 9. Qc2
$5 {Besides,white has two options:} (9. Qd4 $5 {-see comments to Ionov,S-Aseev,
K/ St.Petersburg,1997/CBM 58(0-1)(Ftacnik) (27)}) ({and} 9. Qb2 $5 {-see
comments to Soffer,R-Tsesarsky,I/ PetahTikva,1998/CBM 63(1-0)(Tsesarsky) (50)})
9... d5 {From 9...d5 to 12...Nd7of this game,you can see comments to game:
DaoThien Hai- Antonio,R/Yangon,1998/CBM 69(Golod,V) (0-1)(28)} 10. f3 Nd6 11.
c5 Nf5 12. e3 Nd7 13. Bd3 (13. Nh3 $6 {-see comments to Dao Thien Hai-Antonio,
R /Yangon,1998/CBM 69(0-1)(Golod,V)(28)}) 13... a5 $5 $146 (13... Qf6 {-was
checked in the previous game} 14. Ra2 O-O 15. Nh3 Ne5 16. Bxf5 exf5 17. O-O $14
{Dao Thien Hai-Zhidkov,V/Budapest,1994 (1-0)(51)}) 14. Bxf5 {Fully logical
move.Nevertheless in my opinion slightly better is:14.Rb1} exf5 {[%mdl 16]} 15.
Bb2 {[%csl Rg7][%cal Gb2g7,Yb2a1] This move better than:} (15. c6 $6 Nb6 $11 (
15... bxc6 $5 16. Qxc6 Ra6 17. Qxd5 axb4 18. Qxf5 O-O $44)) ({or} 15. Rb1 axb4
16. axb4 Qh4+ $1 17. g3 $140 Qc4 $11) 15... O-O $5 {/\16...axb4 17.axb4 Rxa1+
18.Bxa1 Qh4+(קb4)} ({Dubious:} 15... axb4 {because of:} 16. Bxg7 Rg8 (16... b3
$143 17. Qxb3 Rg8 (17... Nxc5 $4 18. Qb5+ {[%csl Rc5,Rh8]}) 18. Bd4 Rxg2 19.
Kf1 $16) 17. axb4 Rxa1+ 18. Bxa1 Qh4+ 19. Kf1 Qxb4 20. Bd4 $14) 16. Qc3 $5 {
[%csl Rg7]} (16. Qf2 $2 {is refuted by:} axb4 17. axb4 $140 (17. Qg3 f6 {
and so on}) 17... Rxa1+ 18. Bxa1 Nxc5 {[%csl Ra1]} 19. Qg3 (19. bxc5 $143 Qa5+
$19) 19... f6 $17) ({Also badly:} 16. b5 {in view of:} Re8 17. Kf2 (17. Bd4
$143 f4 $36) 17... Qh4+ $1 18. g3 $140 Qc4 {[%csl Rb5,Rc5]} 19. Qxc4 dxc4 20.
Bd4 Ne5 $15 {[%csl Rb5,Rc5][%cal Gc8d7]}) 16... f6 17. f4 $5 $14 {[%csl Re4]
[%cal Gg1f3]} ({After:} 17. Ne2 {white has a small positional advantage.})
17... Re8 {[%cal Gd7f8,Gf8e6]} 18. Nf3 axb4 $5 (18... Qe7 $143 19. Kf2 Ra6 {
[%cal Ga6e6,Ge6e4]} 20. Nd4 {+/=/+/-}) 19. axb4 {[%mdl 16]} Rxa1+ 20. Bxa1 Nf8
$1 {Black's plan is:Ne6-c7,Bd7(control ><b5)} ({Senselessly:} 20... Qe7 21. Kf2
$140 Qe4 {in view of:} 22. Rd1) 21. Kf2 {[%csl Re3,Yf2][%cal Gh1d1]} Ne6 22.
Rd1 $6 ({Can be recommended:} 22. Qd3 Nc7 $140 23. Nd4 $14 {[%csl Yd4][%cal
Gb4b5]}) 22... Nc7 23. c6 ({Probably slightly better is:} 23. Nd4) 23... bxc6
24. Qxc6 Qe7 25. Bd4 ({Interestingly:} 25. b5 $5 Qxe3+ $140 26. Kg3 $36 {
[%csl Gb5,Rc7]}) 25... Ne6 {[%csl Rb4][%cal Ge6d4]} 26. Bc5 ({Another options
is:} 26. Ra1 {[%cal Ga1a7]} Bb7 27. Qb6 $14 (27. Qc3 $143 Rc8 28. Qd2 Qd7 {
+/=/=})) 26... Bb7 $1 ({After:} 26... Nxc5 $2 27. Qxc5 Qxc5 (27... Bb7 28. Qxe7
Rxe7 29. Rc1 $1 $16 {<->c}) 28. bxc5 {white has a practically winning position
in the endgame.}) 27. Bxe7 (27. Qb6 $143 Nxc5 {[%csl Re3]} 28. Qxc5 Qe4 $132 {
[%csl Rf2][%cal Ge8c8]}) 27... Bxc6 28. Bc5 {[%mdl 4096] +/=/=} Ra8 $5 {<->a}
29. Rd2 Kf7 30. Rc2 Ke8 $6 ({Good enough:} 30... Bb5 {(><c4/^a6-f1)}) 31. Nh4
$5 (31. Nd4 $143 Nxd4 32. Bxd4 Kd7 $11) 31... g6 32. Nf3 {[%csl Rf6][%cal
Gf3d4]} Ba4 33. Ra2 Bc6 34. Rc2 (34. Rxa8+ Bxa8 35. Nd4 (35. Bd4 Ke7 36. b5 g5
{+/=/=}) 35... Kd7 (35... Nxd4 $143 36. Bxd4 Bc6 37. Bxf6 $14) 36. Nxe6 Kxe6
37. b5 {with small chance for win.}) 34... Ba4 35. Rb2 Rc8 {[%csl Rc5]} 36. Bd4
{[%csl Rf6][%cal Gb4b5]} Ke7 37. b5 Rb8 $5 38. b6 $140 Nxd4 $1 39. Nxd4 Kd6 {
/\Rb7,Bd7 and Kc5(קb6)} 40. Ra2 $6 (40. Ke2 $6 Rb7 $11 (40... Bd7 $143 41. Kd3
$140 Kc5 $6 (41... Rb7 $5 $14) 42. b7 Kd6 43. Rb6+ Kc7 44. Rxf6 Rxb7 45. Rf7 h6
$14)) ({Can be recommended:} 40. b7 $5 Bd7 41. Rb6+ Kc7 42. Rxf6 Rxb7 43. Rf7
h6 {+/=/=}) 40... Bd7 $11 {[%csl Rb6]} 41. Ra6 Rb7 {[%cal Gd6c5]} 42. Ra8 Rxb6
43. Rh8 {[%csl Rg6,Rh7]} Bb5 $5 {/\Bd3,Rb2+} 44. Nxb5+ Rxb5 45. Rxh7 Rb2+ 46.
Kf3 (46. Kf3 Rb3 {[%cal Gd5d4]} 47. Kf2 (47. Rg7 d4 48. Rxg6 Rxe3+ 49. Kf2 Ke6
50. Rg8 $11) 47... Rb2+ 48. Kf3 Rb3 $11) 1/2-1/2